000
00327 a2200157 4500
001
191306
020
_a
85-7160-123-2
040
_c
Magnum
100
_a
Coelho, Ronaldo Simões
240
1
0
_a
Vampirilampo
_l
por
245
1
0
_a
Vampirilampo
300
_a
17
362
0
_a
1999
697
_a
LITERATURA INFANTIL
942
_c
BK
999
_c
191306
_d
191306